01846 a2200181 45000010006000000050017000060080041000230030015000640400040000790800121001192450121002400200022003612640075003833000019004585051037004771000025015148560125015392709620260407155548.0260407a2013 arg spa dAR-UNSa-BCEJYS aAR-UNSa-BCEJYSbspacAR-UNSa-BCEJYS a342.7xDerechos fundamentales. Derechos humanos. Derechos y deberes de los ciudadanos (Derecho a la Salud, vivienda)10aFertilización humana asistidapaspectos legales, jurisprudenciales y sociales desde un abordaje interdisciplinario a978-987-03-2414-0 1aBuenos Aires :bUniversidad de Buenos Aires. Facultad de Derechoc2013 a424 p.c24 cm. a1. Breve historia de la fertilización humana asistida y de las técnicas actuales - 2. Sobre los métodos de fertilización asistida - 3. La práctica profesional desde la interdisciplinaria. Aspectos culturales y sociales de la paternidad y la maternidad - 4. Los derechos reproductivo y el Derecho a la procreación en la doctrina argentina - 5. Algunas fuentes legales del derecho a la procreación asistida - 6. Obligaciones de las obras sociales nacionales de la Ley 23.660/1 y el programa médico obligatorio (PMO) - 7. Algunas nuevas fuentes legales provinciales - 8. La jurisprudencia - 9. Derecho Comparado - 10. Fallos Judiciales seleccionados en texto completo - 11. Legislación nacional - 12. Normativa Internacional - 13. Proyecto de la Ley nacional de fertilización humana asistida - 14. Comentarios sobre el proyecto de Ley nacional de fertilización humana asistida 2011 - 15. Proyecto de unifiación del Código Civil y Comercial presentado en 2012: inclusión de la fertilización humana asistida1 aRosales, Pablo Oscar41uhttps://biblioeco.unsa.edu.ar/pmb/images/libros/Fertilizac?on Humana Asistida-l119730.jpgyImagen de portadaqimage/jpeg